| 000 | 00423nam a2200169Ia 4500 | ||
|---|---|---|---|
| 008 | 170705s9999 xx 000 0 und d | ||
| 020 | _a9780590447256 | ||
| 245 | _aIs your mama Llama ? | ||
| 245 | _cDeborah Guarino ; illustrated by Steven Kellogg. | ||
| 260 | _aNew York : | ||
| 260 | _bScholastic, | ||
| 260 | _c1989 | ||
| 300 | _aunpaged : | ||
| 300 | _bcolor illustration ; | ||
| 300 | _c25cm. | ||
| 500 | _a290 | ||
| 999 |
_c335398 _d335398 |
||